<?xml version="1.0" encoding="UTF-8"?>
<record
    xmlns:xsi="http://www.w3.org/2001/XMLSchema-instance"
    xsi:schemaLocation="http://www.loc.gov/MARC21/slim http://www.loc.gov/standards/marcxml/schema/MARC21slim.xsd"
    xmlns="http://www.loc.gov/MARC21/slim">

  <leader>01479ctm a22003011aa4500</leader>
  <controlfield tag="003">SA-RiAUC</controlfield>
  <controlfield tag="005">20251212133459.0</controlfield>
  <controlfield tag="007">co ug ---uuauu&#xA0;&#xA0;&#xA0;&#xA0;&#xA0;&#xA0;&#xA0;&#xA0;&#xA0;</controlfield>
  <controlfield tag="008">251211s1987    su     fsbm   00000 ara c</controlfield>
  <datafield tag="040" ind1=" " ind2=" ">
    <subfield code="a">SA-JeALM</subfield>
    <subfield code="b">ara</subfield>
    <subfield code="c">SA-RiAUC</subfield>
    <subfield code="e">rda</subfield>
  </datafield>
  <datafield tag="082" ind1="0" ind2="4">
    <subfield code="a">252.5</subfield>
    <subfield code="q">SA-RiAUC</subfield>
  </datafield>
  <datafield tag="090" ind1=" " ind2=" ">
    <subfield code="a">&#x631; 252.5</subfield>
    <subfield code="b">&#x62E; &#x635; &#x64A;</subfield>
  </datafield>
  <datafield tag="100" ind1="1" ind2=" ">
    <subfield code="a">&#x62E;&#x635;&#x64A;&#x641;&#x627;&#x646;&#x60C; &#x63A;&#x627;&#x632;&#x64A; &#x637;&#x647; &#x635;&#x627;&#x644;&#x62D;&#x60C;</subfield>
    <subfield code="d">1369 &#x647;&#x62C;&#x631;&#x64A;-</subfield>
  </datafield>
  <datafield tag="245" ind1="1" ind2="0">
    <subfield code="a">&#x643;&#x62A;&#x627;&#x628; &#x627;&#x644;&#x62D;&#x62C; &#x645;&#x646; &#x627;&#x644;&#x62D;&#x627;&#x648;&#x64A; &#x627;&#x644;&#x643;&#x628;&#x64A;&#x631; &#x62A;&#x623;&#x644;&#x64A;&#x641; &#x627;&#x644;&#x625;&#x645;&#x627;&#x645; &#x623;&#x628;&#x64A; &#x627;&#x644;&#x62D;&#x633;&#x646; &#x639;&#x644;&#x64A; &#x628;&#x646; &#x645;&#x62D;&#x645;&#x62F; &#x62D;&#x628;&#x64A;&#x628; &#x627;&#x644;&#x645;&#x627;&#x648;&#x631;&#x62F;&#x64A; &#x627;&#x644;&#x645;&#x62A;&#x648;&#x641;&#x649; &#x633;&#x646;&#x629; 450 &#x647;&#x640;</subfield>
    <subfield code="c">&#x625;&#x639;&#x62F;&#x627;&#x62F; &#x63A;&#x627;&#x632;&#x64A; &#x637;&#x647; &#x635;&#x627;&#x644;&#x62D; &#x627;&#x644;&#x62E;&#x635;&#x64A;&#x641;&#x627;&#x646; &#x61B; &#x625;&#x634;&#x631;&#x627;&#x641; &#x64A;&#x648;&#x633;&#x641; &#x639;&#x628;&#x62F; &#x627;&#x644;&#x647;&#x627;&#x62F;&#x64A; &#x627;&#x644;&#x634;&#x627;&#x644;.</subfield>
    <subfield code="h">[&#x645;&#x644;&#x641; &#x643;&#x645;&#x628;&#x64A;&#x648;&#x62A;&#x631;] /</subfield>
  </datafield>
  <datafield tag="246" ind1="3" ind2="0">
    <subfield code="a">&#x627;&#x644;&#x62D;&#x62C; &#x645;&#x646; &#x627;&#x644;&#x62D;&#x627;&#x648;&#x64A; &#x627;&#x644;&#x643;&#x628;&#x64A;&#x631;</subfield>
  </datafield>
  <datafield tag="260" ind1=" " ind2=" ">
    <subfield code="c">1987</subfield>
  </datafield>
  <datafield tag="264" ind1=" " ind2=" ">
    <subfield code="a">&#x645;&#x643;&#x629; &#x627;&#x644;&#x645;&#x643;&#x631;&#x645;&#x629; :</subfield>
    <subfield code="b">&#x62C;&#x627;&#x645;&#x639;&#x629; &#x623;&#x645; &#x627;&#x644;&#x642;&#x631;&#x649; .</subfield>
    <subfield code="c">1987</subfield>
  </datafield>
  <datafield tag="300" ind1=" " ind2=" ">
    <subfield code="a">4 &#x645;&#x62C;&#x644;&#x62F; .</subfield>
    <subfield code="c">30 &#x633;&#x645; .</subfield>
  </datafield>
  <datafield tag="502" ind1=" " ind2=" ">
    <subfield code="a">&#x623;&#x637;&#x631;&#x648;&#x62D;&#x629; (&#x62F;&#x643;&#x62A;&#x648;&#x631;&#x627;&#x647;)-&#x62C;&#x627;&#x645;&#x639;&#x629; &#x623;&#x645; &#x627;&#x644;&#x642;&#x631;&#x649;&#x60C; &#x643;&#x644;&#x64A;&#x629; &#x627;&#x644;&#x634;&#x631;&#x64A;&#x639;&#x629;&#x60C; 1987.</subfield>
  </datafield>
  <datafield tag="504" ind1=" " ind2=" ">
    <subfield code="a">&#x64A;&#x634;&#x62A;&#x645;&#x644; &#x639;&#x644;&#x649; &#x625;&#x631;&#x62C;&#x627;&#x639;&#x627;&#x62A; &#x628;&#x628;&#x644;&#x64A;&#x648;&#x62C;&#x631;&#x627;&#x641;&#x64A;&#x629;.</subfield>
  </datafield>
  <datafield tag="530" ind1=" " ind2=" ">
    <subfield code="a">&#x645;&#x62A;&#x627;&#x62D;&#x629; &#x646;&#x633;&#x62E;&#x629; &#x639;&#x644;&#x649; &#x634;&#x643;&#x644; &#x645;&#x637;&#x628;&#x648;&#x639;.</subfield>
  </datafield>
  <datafield tag="650" ind1=" " ind2="7">
    <subfield code="a">&#x627;&#x644;&#x62D;&#x62C; (&#x641;&#x642;&#x647; &#x625;&#x633;&#x644;&#x627;&#x645;&#x64A;)</subfield>
    <subfield code="2">aucsh</subfield>
  </datafield>
  <datafield tag="700" ind1="1" ind2="2">
    <subfield code="a">&#x627;&#x644;&#x645;&#x627;&#x648;&#x631;&#x62F;&#x64A;&#x60C; &#x639;&#x644;&#x64A; &#x628;&#x646; &#x645;&#x62D;&#x645;&#x62F; &#x628;&#x646; &#x62D;&#x628;&#x64A;&#x628;&#x60C;</subfield>
    <subfield code="d">364-450 &#x647;&#x62C;&#x631;&#x64A;</subfield>
  </datafield>
  <datafield tag="700" ind1=" " ind2=" ">
    <subfield code="a">&#x627;&#x644;&#x634;&#x627;&#x644;&#x60C; &#x64A;&#x648;&#x633;&#x641; &#x639;&#x628;&#x62F;&#x627;&#x644;&#x647;&#x627;&#x62F;&#x64A; </subfield>
    <subfield code="e">&#x645;&#x634;&#x631;&#x641; .</subfield>
  </datafield>
  <datafield tag="740" ind1="2" ind2="2">
    <subfield code="a">&#x627;&#x644;&#x62D;&#x627;&#x648;&#x64A; &#x627;&#x644;&#x643;&#x628;&#x64A;&#x631;.</subfield>
  </datafield>
  <datafield tag="942" ind1=" " ind2=" ">
    <subfield code="2">ddc</subfield>
    <subfield code="c">THESES</subfield>
    <subfield code="n">0</subfield>
  </datafield>
  <datafield tag="949" ind1=" " ind2=" ">
    <subfield code="a">SA-JeALM</subfield>
    <subfield code="d">251211</subfield>
    <subfield code="u">osman123</subfield>
    <subfield code="n">1</subfield>
  </datafield>
  <datafield tag="952" ind1=" " ind2=" ">
    <subfield code="0">0</subfield>
    <subfield code="1">0</subfield>
    <subfield code="2">ddc</subfield>
    <subfield code="3">&#x627;&#x644;&#x62C;&#x632;&#x621; &#x627;&#x644;&#x627;&#x648;&#x644;</subfield>
    <subfield code="4">0</subfield>
    <subfield code="7">0</subfield>
    <subfield code="a">WAHAB</subfield>
    <subfield code="b">WAHAB</subfield>
    <subfield code="d">2025-12-12</subfield>
    <subfield code="l">0</subfield>
    <subfield code="o">&#x631; 252.5  &#x62E; &#x635; &#x64A;</subfield>
    <subfield code="p">000021621</subfield>
    <subfield code="r">2025-12-12 13:36:44</subfield>
    <subfield code="w">2025-12-12</subfield>
    <subfield code="y">THESES</subfield>
  </datafield>
  <datafield tag="952" ind1=" " ind2=" ">
    <subfield code="0">0</subfield>
    <subfield code="1">0</subfield>
    <subfield code="2">ddc</subfield>
    <subfield code="3">&#x627;&#x644;&#x62C;&#x632;&#x621; &#x627;&#x644;&#x627;&#x648;&#x644;</subfield>
    <subfield code="4">0</subfield>
    <subfield code="7">0</subfield>
    <subfield code="a">WAHAB</subfield>
    <subfield code="b">WAHAB</subfield>
    <subfield code="d">2025-12-12</subfield>
    <subfield code="l">0</subfield>
    <subfield code="o">&#x631; 252.5  &#x62E; &#x635; &#x64A;</subfield>
    <subfield code="p">000021622</subfield>
    <subfield code="r">2025-12-12 13:36:44</subfield>
    <subfield code="w">2025-12-12</subfield>
    <subfield code="y">THESES</subfield>
  </datafield>
  <datafield tag="952" ind1=" " ind2=" ">
    <subfield code="0">0</subfield>
    <subfield code="1">0</subfield>
    <subfield code="2">ddc</subfield>
    <subfield code="3">&#x627;&#x644;&#x62C;&#x632;&#x621; &#x627;&#x644;&#x627;&#x648;&#x644;</subfield>
    <subfield code="4">0</subfield>
    <subfield code="7">0</subfield>
    <subfield code="a">WAHAB</subfield>
    <subfield code="b">WAHAB</subfield>
    <subfield code="d">2025-12-12</subfield>
    <subfield code="l">0</subfield>
    <subfield code="o">&#x631; 252.5  &#x62E; &#x635; &#x64A;</subfield>
    <subfield code="p">000021623</subfield>
    <subfield code="r">2025-12-12 13:36:44</subfield>
    <subfield code="w">2025-12-12</subfield>
    <subfield code="y">THESES</subfield>
  </datafield>
  <datafield tag="952" ind1=" " ind2=" ">
    <subfield code="0">0</subfield>
    <subfield code="1">0</subfield>
    <subfield code="2">ddc</subfield>
    <subfield code="3">&#x627;&#x644;&#x62C;&#x632;&#x621; &#x627;&#x644;&#x627;&#x648;&#x644;</subfield>
    <subfield code="4">0</subfield>
    <subfield code="7">0</subfield>
    <subfield code="a">WAHAB</subfield>
    <subfield code="b">WAHAB</subfield>
    <subfield code="d">2025-12-12</subfield>
    <subfield code="l">0</subfield>
    <subfield code="o">&#x631; 252.5  &#x62E; &#x635; &#x64A;</subfield>
    <subfield code="p">000021624</subfield>
    <subfield code="r">2025-12-12 13:36:44</subfield>
    <subfield code="w">2025-12-12</subfield>
    <subfield code="y">THESES</subfield>
  </datafield>
  <datafield tag="999" ind1=" " ind2=" ">
    <subfield code="c">13489</subfield>
    <subfield code="d">13489</subfield>
  </datafield>
</record>
